| 000 | 00396nam a22001577a 4500 | ||
|---|---|---|---|
| 003 | OSt | ||
| 005 | 20240626150528.0 | ||
| 008 | 240626b |||||||| |||| 00| 0 eng d | ||
| 040 | _cMUST | ||
| 100 |
_aReddy, B.Sambi _918107 |
||
| 245 |
_aImplementation of sgry in Chhattisgarh _cB.Sambi Reddy |
||
| 300 |
_a52p. _bill. _c25cm |
||
| 504 | _aAnnexures | ||
| 651 | _2Economics | ||
| 942 |
_2ddc _cO_SHELF |
||
| 999 |
_c8943 _d8943 |
||